000
00220nam a2200097Ia 4500
005
20251222114412.0
008
251222s1900||||xx |||||||||||||| ||spa||
082
_a
DVD0170/M12
245
0
_a
Sospechosos comunes:
942
_c
DVD
999
_c
2079
_d
2079